| 000 | 00454nam a2200157 i 4500 | ||
|---|---|---|---|
| 001 | 96497 | ||
| 003 | ES-MaACL | ||
| 007 | t| | ||
| 008 | 050627s1906 fr ||||1| fre d | ||
| 100 | 1 |
_aMalapert, Paulin. _975690 |
|
| 245 | 1 | 4 |
_aLes éléments du caractère et leurs lois de combinaison / _cpar Paulin Malapert. |
| 250 | _a2ª ed. ref. | ||
| 260 |
_aParis : _bFélix Alcan, _c1906. |
||
| 300 |
_aXXVIII, 286 p. ; _c23 cm. |
||
| 852 |
_aES-MaACL _jB-6862 |
||
| 999 |
_c96497 _d96497 |
||